Ernest Renan, Henriette Renan lettres intimes (Record no. 163265)

MARC details
000 -LEADER
campo de control de longitud fija 00639nam a22001815i 4500
001 - NÚMERO DE CONTROL
campo de control 163265
003 - IDENTIFICADOR DE NÚMERO DE CONTROL
campo de control ES-MaACL
005 - FECHA Y HORA DE LA ÚLTIMA TRANSACCIÓN
campo de control 20250703063119.0
008 - DATOS DE LONGITUD FIJA--INFORMACIÓN GENERAL
campo de control de longitud fija 990726s1896 fr |||| | fre d
040 ## - FUENTE DE CATALOGACIÓN
Centro catalogador/agencia de origen CAM
Lengua de catalogación spa
Centro/agencia transcriptor CAM
100 1# - ENTRADA PRINCIPAL--NOMBRE DE PERSONA
Nombre de persona Renan, Ernest,
Fechas asociadas al nombre 1823-1892
9 (RLIN) 96168
245 10 - MENCIÓN DEL TÍTULO
Título Ernest Renan, Henriette Renan lettres intimes
Resto del título : 1842-1845 ; précédées de Ma soeur Henriette /
Mención de responsabilidad, etc. par Ernest Renan.
260 ## - PUBLICACIÓN, DISTRIBUCIÓN, ETC.
Lugar de publicación, distribución, etc. Paris :
Nombre del editor, distribuidor, etc. Calmann Lévy, éditeur,
Fecha de publicación, distribución, etc. 1896 (
Fabricante Imprimerie Chaix)
300 ## - DESCRIPCIÓN FÍSICA
Extensión 408 p. ;
Dimensiones 22 cm.
700 11 - ENTRADA AGREGADA--NOMBRE PERSONAL
Nombre de persona Renan, Henriette.
9 (RLIN) 131693
852 ## - LOCALIZACIÓN
Ubicación ES-MaACL
Número de control de estantería F-10882
Nota libre -- Enc. hol
Holdings
Estatus retirado Estado de pérdida Estado de daño No para préstamo Colección Biblioteca de origen Biblioteca actual Ubicación en estantería Fecha de adquisición Fuente de adquisición Total de préstamos Signatura topográfica completa Código de barras Visto por última vez Precio de reemplazo Tipo de ítem Koha
        Libros del s. XIX Biblioteca del Ateneo de Madrid Biblioteca del Ateneo de Madrid Sala Pecera Planta 2 17/01/2008     F-10882 1171085 23/02/2023 23/02/2023 Libro impreso antiguo